Central Library OPAC University of Rajshahi

জননায়ক মওলানা ভাসানী আব্দুল হামিদ খান / (Record no. 84304)

MARC details
000 -LEADER
fixed length control field 01027nam a2200241 a 4500
001 - CONTROL NUMBER
control field 84304
003 - CONTROL NUMBER IDENTIFIER
rucl marc code BD-RjUL
005 - DATE AND TIME OF LATEST TRANSACTION
control field 20241114153500.0
008 - FIXED-LENGTH DATA ELEMENTS--GENERAL INFORMATION
fixed length control field 241114s2023 bg ||||| |||| 00| 0 ben d
035 ## - SYSTEM CONTROL NUMBER
System control number (BD-RjUL)84304
040 ## - CATALOGING SOURCE
Original cataloging agency BD-RjUL
Language of cataloging eng
Transcribing agency BD-RjUL
041 ## - LANGUAGE CODE
Language code of text/sound track or separate title ben
082 ## - DEWEY DECIMAL CLASSIFICATION NUMBER
Edition number 23
Classification number 320.95492092
Author mark and year DAJ 2023
100 ## - MAIN ENTRY--PERSONAL NAME
Personal name দস্তিদার, বর্ণালী ঘোষ
9 (RLIN) 14264
245 ## - TITLE STATEMENT
Title জননায়ক মওলানা ভাসানী আব্দুল হামিদ খান /
Statement of responsibility, etc. বর্ণালী ঘোষ দস্তিদার
260 ## - PUBLICATION, DISTRIBUTION, ETC. (IMPRINT)
Place of publication, distribution, etc. কলকাতা :
Name of publisher, distributor, etc. আলিয়া সংস্কৃতি সংসদ,
Date of publication, distribution, etc. ২০২৩
300 ## - PHYSICAL DESCRIPTION
Pagination ১৯৯ পৃ.;
Size ১৮ সেমি.
600 ## - SUBJECT ADDED ENTRY--PERSONAL NAME
Personal name ভাসানী, মওলানা
Personal name Bhashani, Maolana
650 ## - SUBJECT ADDED ENTRY--TOPICAL TERM
Topical term or geographic name as entry element রাজনীতিবিদ
Form subdivision জীবনী
Geographic subdivision বাংলাদেশ
9 (RLIN) 14267
Topical term or geographic name as entry element Politician
Form subdivision Biography
Geographic subdivision Bangladesh
9 (RLIN) 14268
942 ## - ADDED ENTRY ELEMENTS (KOHA)
Source of classification or shelving scheme Dewey Decimal Classification
Koha item type Books
Holdings
Lost status Source of classification or shelving scheme Damaged status Not for loan Collection code Permanent Location Current Location Shelving location Date acquired Source of acquisition Cost, normal purchase price Full call number Date last seen Copy number Koha item type
  Dewey Decimal Classification   Not For Loan Non-fiction Central Library, University of Rajshahi Central Library, University of Rajshahi Reading Room 05/11/2024 Author 200.00 B 320.95492092 DAJ 2023 14/11/2024 C-1 Books